000 00735nam a2200265Ia 4500
003 OSt
005 20220926013245.0
006 a|||||r|||| 00| 0
007 ta
008 220923b |||||||| |||| 00| 0 eng d
020 _a074501352X
037 _cGeneral Book
040 _aRTL
_cRTL
_beng
041 _2eng
_aeng
082 _aY70aS, N4
100 _aHowitt Dennis
_989939
245 0 _aRacism of psychology
_b Time for change
260 _aNew York
_bHarvester Wheatsheaf
_c1994
300 _a218p
_ccm.
500 _aBibliography: P 186-210
650 _aRace
700 _a Owusu-Bempah J
_9318014
942 _hY70aS, N4
_cGB
_2CC
999 _c625551
_d625551